Fidelis Et Solida, Contra Syncretismum Quem Hodie Quidam Cum Calvinianis, erroneo plane ausu inire fatagunt, aliosq; ad eum inducere laborant, Institvta Admonitio; In solius Dei Gloriam, Veritatis Vindicationem, Et Ecclesiae Christi Informationem, Ex Svffragio Theologorum Hasso-Darmstadinorvm

Bibliographic Details
Main Author: Haberkorn, Peter, 1604-1676 (Author)
Corporate Author: Hampel, Joseph Dietrich (Gießen, Nemecko) (Printer)
Other Authors: Fischer, Johann Hermann (Dissertant), Petri, Johann Georg (Dissertant), Supfius, Johann Georg (Dissertant), Geibel, Johann Balthasar (Dissertant), Döll, Johann Heinrich (Dissertant), Soldan, Johann Philipp (Dissertant), Benzelius, Erik, 1632-1709 (Dissertant), Rauch, Johann Georg (Dissertant), Schottius, Johann Georg (Dissertant), Pfannkuch, Johann Helmrich (Dissertant), Folfes, Hajus Lubbert (Dissertant), Emminghaus, Johann (Dissertant), Edler, Johann Heinrich (Dissertant), Kulemann, Johann (Dissertant)
Format: Book
Language:Latin
PhysicalDescription:[8], 511 strán 20 cm
Published: Giessae Hassorum Typis Josephi Dieterici Hampelii, Acad. Typogr. Ord. [1665]
Subjects:

MARC

LEADER 00000nam a2200000 a 4500
001 vtls011747799
003 SK-MaSNL
005 20260301223426.0
008 251112 1665 gw 000 0 lat
015 |a SNBHFA1665 
035 |a urn:nbn:sk:snk-am00csw9 
035 |a urn:nbn:sk:snk-am3hup0 
035 |a D1EB3EDA-77A5-4DAF-8BF0-CBA610216ACA 
040 |a SNK  |b slo  |c SNK  |e AACR2 
041 0 |a lat 
044 |a gw  |c DE 
072 7 |a 2-1  |x Prirodzená teológia. Náboženská filozofia  |2 konspekt 
080 |a 2-1  |2 2011 
100 1 |a Haberkorn, Peter,  |d 1604-1676  |4 aut  |9 614303 
245 1 0 |a Fidelis Et Solida, Contra Syncretismum  |b Quem Hodie Quidam Cum Calvinianis, erroneo plane ausu inire fatagunt, aliosq; ad eum inducere laborant, Institvta Admonitio; In solius Dei Gloriam, Veritatis Vindicationem, Et Ecclesiae Christi Informationem, Ex Svffragio Theologorum Hasso-Darmstadinorvm  |c Conscripta a Petro Haberkornio, SS. Theolog. Doct. & Profess. P. Pastore & Superintendente Gissensi 
260 |a Giessae Hassorum  |b Typis Josephi Dieterici Hampelii, Acad. Typogr. Ord.  |c [1665] 
300 |a [8], 511 strán  |c 20 cm 
501 |a Príväzok 1. k: POSEWITZ, Johann Heinrich. Theologia Scholastica Qvae Quicquid fere ab ingeniosis Scholasticia [...]. Helmestadii: Typis & Sumtibus Johannis Heitmulleri, Anno MDCLXVI.  |5 SNK ID 100019 
505 2 0 |a Prítlačok 1.:  |t Dispvtatio Prima, De Statu Qvaestionis, Quoad Syncretismum  |r Respondente Johanne Hermanno Fischer  |g [ 22] strán 
505 2 0 |a Prítlačok 2.:  |t Dispvtatio II. De Argumentis Syncretismum Destruentibus  |r Respondente M. Johanne Georgio Petri  |g [24] strán 
505 2 0 |a Prítlačok 3.:  |t Dispvtatio III. De Argumentis Syncretismum Destruentibus  |r Respondente M. Joh. Georgio Supfio  |g [24] strán 
505 2 0 |a Prítlačok 4.:  |t Dispvtatio IV. De Argumentis Syncretismum Destruentibus  |r Respondente Joh. Balthasaro Geibel  |g [24] strán 
505 2 0 |a Prítlačok 5.:  |t Dispvtatio V. De Argumentis Syncretismum Destruentibus  |r Respondente Johanne Henrico Döll  |g [24] strán 
505 2 0 |a Prítlačok 6.:  |t Dispvtatio VI. De Argumentorum Syncretisticorum Refutatione  |r Respondente M. Johan. Philippo Soldan  |g [24] strán 
505 2 0 |a Prítlačok 7.:  |t Dispvtatio VII. De Argumentorum Syncretisticorum Refutatione  |r Respondente Erico Benzelio  |g [24] strán 
505 2 0 |a Prítlačok 8.:  |t Dispvtatio IIX. De Argumentorum Syncretisticorum Refutatione  |r Respondente Johanne Georgio Rauch  |g [24] strán 
505 2 0 |a Prítlačok 9.:  |t Dispvtatio IX. De Argumentorum Syncretisticorum Refutatione  |r Respondente Johann Georgio Schottio  |g [24] strán 
505 2 0 |a Prítlačok 10.:  |t Dispvtatio X. De Argumentorum Syncretisticorum Refutatione  |r Respondente Henrico Meles  |g [24] strán 
505 2 0 |a Prítlačok 11.:  |t Dispvtatio XI. De Argumentorum Syncretisticorum Refutatione  |r Respondente Joh. Helmrico Pfannkuch  |g [24] strán 
505 2 0 |a Prítlačok 12.:  |t Dispvtatio XII. De Argumentorum Syncretisticorum Refutatione  |r Respondente Hajo Lubberto Folfes  |g [126] strán 
505 2 0 |a Prítlačok 13.:  |t Dispvtatio XIII. De Argumentorum Syncretisticorum Refutatione  |r Respondente Johanne Emminghauß  |g [24] strán 
505 2 0 |a Prítlačok 14.:  |t Dispvtatio XIV. De Argumentorum Syncretisticorum Refutatione  |r Respondente Johanne Henrico Edler  |g [24] strán 
505 2 0 |a Prítlačok 15.:  |t Dispvtatio XV. De Argumentorum Syncretisticorum Refutatione  |r Respondente Johanne Kulemanno  |g [24] strán 
508 |a Dedikácia: Dn. Friderico, Comiti in Nassaw 
510 4 |a VD17  |c 39:133639C 
550 |a Rok vydania podľa VD17 
561 |a Z knižnice Učenej spoločnosti malohontskej.  |5 SNK ID 100019/prív.1 
650 0 7 |a teológia  |2 SNKPH  |9 1814 
650 0 7 |a náboženská filozofia  |2 SNKPH  |9 3774 
700 0 |a Frederik,  |c gróf z Naasau-Weilburg,  |d 1640-1675  |4 hnr  |9 614304 
700 1 |a Fischer, Johann Hermann  |4 dis  |9 614305 
700 1 |a Petri, Johann Georg  |4 dis  |9 614306 
700 1 |a Supfius, Johann Georg  |4 dis  |9 614307 
700 1 |a Geibel, Johann Balthasar  |4 dis  |9 614308 
700 1 |a Döll, Johann Heinrich  |4 dis  |9 614309 
700 1 |a Soldan, Johann Philipp  |4 dis  |9 614310 
700 1 |a Benzelius, Erik,  |d 1632-1709  |4 dis  |9 614311 
700 1 |a Rauch, Johann Georg  |4 dis  |9 614312 
700 1 |a Schottius, Johann Georg  |4 dis  |9 614313 
700 1 |a Pfannkuch, Johann Helmrich  |4 dis  |9 614314 
700 1 |a Folfes, Hajus Lubbert  |4 dis  |9 614315 
700 1 |a Emminghaus, Johann  |4 dis  |9 614316 
700 1 |a Edler, Johann Heinrich  |4 dis  |9 614317 
700 1 |a Kulemann, Johann  |4 dis  |9 614318 
710 2 |a Učená spoločnosť malohontská  |4 fmo  |9 205374 
710 0 |a Hampel, Joseph Dietrich (Gießen, Nemecko),  |d 1650-1673  |4 prt  |9 614319 
752 |a Nemecko  |d Gießen 
852 |a snk  |b Historické fondy  |p ID 100019/prív.1 
958 |a ONDV 
999 |c 943545  |d 945475 
952 |t MHC II.B.d.14,prív.1  |a SNK  |b SNK  |c SNK_HF  |y PREZ  |7 0  |p 17A1300072  |o snkID 100019/prív.1  |i snk2018/7117  |8 5  |0 0  |1 0  |4 0  |d 2018-03-23  |f 1  |l 0  |r 2026-02-24 09:25:51  |w 2026-02-24